|
|
|
|
| LEADER |
00000nab a2200000u 4500 |
| 001 |
vtls012147551 |
| 003 |
SK-MaSNL |
| 005 |
20260303100812.0 |
| 008 |
220905|2017 xo ||||||| || ||slo| |
| 038 |
|
|
|a KEVKJB
|
| 040 |
|
|
|a KEVKJB
|b slo
|e rda
|
| 041 |
0 |
|
|a slo
|
| 043 |
|
|
|a e-xo---
|
| 044 |
|
|
|a xo
|c SK
|
| 072 |
|
7 |
|a 351
|x Úlohy verejnej správy, správne opatrenia. Legislatíva
|2 konspekt
|
| 080 |
|
|
|a 351.752.1-053.9
|2 2011
|
| 100 |
1 |
|
|a Becová, Veronika
|4 aut
|9 810039
|
| 245 |
1 |
0 |
|a Mária Lešová
|b predsedníčka Klubu seniorov pri MÚ MČ Vyšné Opátske
|c Veronika Becová
|
| 300 |
|
|
|b Fotografie
|
| 336 |
|
|
|a text
|b txt
|2 rdacontent
|
| 337 |
|
|
|a bez média
|b n
|2 rdamedia
|
| 338 |
|
|
|a zväzok
|b nc
|2 rdacarrier
|
| 600 |
1 |
7 |
|a Lešová, Mária
|2 kevkjb
|9 1111899
|
| 610 |
1 |
7 |
|a Vyšné Opátske (Košice IV, Slovensko).
|b Miestny úrad
|2 SNKKA
|9 193363
|
| 650 |
0 |
7 |
|a kluby dôchodcov
|2 SNKPH
|9 14343
|
| 650 |
0 |
7 |
|a rodáci
|2 SNKPH
|9 30842
|
| 651 |
|
7 |
|a Košice (Slovensko)
|2 SNKPHgeo
|9 18694
|
| 651 |
|
7 |
|a Vyšné Opátske (Košice IV, Slovensko)
|2 SNKPHgeo
|9 29108
|
| 773 |
0 |
|
|t Opátčan
|g Č. 1 (2017), s. 4
|
| 852 |
|
|
|a KEVKJB
|b KIS3GCP
|
| 958 |
|
|
|a BX
|
| 999 |
|
|
|c 1834727
|d 1836657
|